000 00519cam a22001934a 4500
020 _a0662290143
040 _cDLC
082 0 0 _a615 HEA 2000 A054 Or.
245 0 0 _a1,3-Butadiene /
246 3 0 _aButadiene
260 _a[Ottawa] :
_bEnvironment Canada :
_bHealth Canada,
_c[2000].
300 _aviii, 104 p. :
_bill. ;
_c28 cm.
500 _a"May 2000."
500 _aAt head of title: Canadian Environmental Protection Act, 1999.
650 0 _aButadiene
710 1 _aCanada.
710 1 _aCanada.
942 _cEK
999 _c15251
_d15251